Historický vývoj a aktuální situace na polském akciovém trhu
Základná charakteristika kapitálového trhu v Polsku. Jeho historický vývoj. Analýza vývoja najdôležitejších ukazovateľov ako vývoja hlavného burzového indexu WIG20, trhovej kapitalizácie, počtu obchodných spoločností na burze a p.
Salvato in:
| Autore principale: | |
|---|---|
| Natura: | Capitolo di libro |
| Lingua: | ceco |
| Soggetti: | |
| Tags: |
Nessun Tag, puoi essere il primo ad aggiungerne!!
|
MARC
| LEADER | 00000naa a2200000 4500 | ||
|---|---|---|---|
| 001 | 0150612 | ||
| 005 | 20231128131220.8 | ||
| 041 | 0 | |a cze | |
| 044 | |a CZ | ||
| 245 | 1 | 0 | |a Historický vývoj a aktuální situace na polském akciovém trhu |c Lukáš Chylík |
| 520 | |a Základná charakteristika kapitálového trhu v Polsku. Jeho historický vývoj. Analýza vývoja najdôležitejších ukazovateľov ako vývoja hlavného burzového indexu WIG20, trhovej kapitalizácie, počtu obchodných spoločností na burze a p. | ||
| 610 | 2 | 0 | |a Poľsko |
| 610 | 2 | 0 | |a indexy burzové |
| 610 | 2 | 0 | |a história |
| 610 | 2 | 0 | |a spoločnosti obchodné |
| 610 | 2 | 0 | |a trh kapitálový |
| 100 | 1 | |a Chylík, Lukáš | |